000 00492nam a22002057a 4500
003 00448nam a22001937a 4500
005 20230719164704.0
008 230719b |||||||| |||| 00| 0 eng d
020 _a8185749299
040 _bEng
_cEng
082 _a621.38
_bGUP
100 _aJ.B.Gupta
245 _aA Course in Electrical Technology-II
250 _a11th
260 _aNEW DELHI
_bKataria
_c2002
300 _aXVI;1433
500 _a1
650 _aElectrical
942 _2ddc
_cBK
_n0
999 _c61097
_d61097